Classical mechanics: systems of particles and hamiltonian dynamics

Na minha lista:
Detalhes bibliográficos
Autor principal: Greiner, Walter (Author)
Formato: Livro
Idioma:inglês
Publicado em: Berlín Springer 2010
Edição:2a. ed
Assuntos:
Tags: Adicionar Tag
Sem tags, seja o primeiro a adicionar uma tag!

MARC

LEADER 00000cam a2200000 a 4500
001 UCE6189
003 CL-VaPUC
008 150326e20100000gw |||||||||||||||||eng|d
020 |a 9783642034336 
082 0 4 |a 531  |b GRE  |2 21 
100 |a Greiner, Walter  |e author  |9 578810 
245 1 0 |a Classical mechanics: systems of particles and hamiltonian dynamics 
250 |a 2a. ed 
300 |a 579 p 
942 |c BK 
945 |d 20150326 13:02:00  |a arojas 
260 |a Berlín  |b Springer  |c 2010 
650 0 |a Mecánica clásica  |9 368211 
650 0 |a Cinemática  |9 260942 
650 0 |a Física matemática   |9 260981 
583 |a last modification  |c 20150326 13:02:00  |k Rodrigo Vera 
999 |c 358575  |d 358573 
952 |0 0  |1 0  |3 erb  |4 0  |6 531_000000000000000_GRE_2010  |7 0  |8 A  |9 467385  |a BIBCUR  |b BIBCUR  |i 5142660  |l 7  |m 4  |o 531 GRE 2010  |p 5142660  |r 2025-04-22  |s 2024-06-10  |w 2019-11-23  |y BK  |z Catalogado en:20150326  |k FIS